00317nam a2200133Ia 45000030006000000080041000060400015000471000028000622450021000902600035001113000006001465460014001520050017001660STCL150530s9999 xx 000 0 und d aSTCLcSTCL aVasudevan Ellayth, P.C. aHrdayathudipukal bVishwabharathi; Thrissurc1952 a0 aMalayalam20220125170723.0